000 00520nam a2200193Ia 4500
003 GCL
008 140319s9999 xx 000 0 ara d
040 _aGCL /
_cGCL
082 0 4 _a131.32
_bم ز
100 1 _aمحمد فتحى
245 1 0 _aالزواج المثالى /
_cمحمد فتحى
700 1 _aفان دفلد
300 _a479 ص
490 _aكتاب
_v0
650 0 4 _aالزواج
650 0 4 _aالسلوك الاجتماعى
650 0 4 _aالعلاقات الاجتماعية
942 _2ddc
_cBK
999 _c41713
_d41713